|
|
|
|
| LEADER |
00000nab a2200000 ar4500 |
| 001 |
vtls010320170 |
| 003 |
SK-MaSNL |
| 005 |
20260303093514.0 |
| 008 |
111021c2011 xo |||||||| |000 b|hun |
| 015 |
|
|
|a SNBRB2011/10
|2 snkbucl
|
| 038 |
|
|
|a SNKBUCL
|
| 040 |
|
|
|a DSZK
|b slo
|c DSZK
|e AACR2
|
| 041 |
0 |
|
|a hun
|
| 044 |
|
|
|a xo
|c SK
|
| 080 |
|
|
|a 821.511.141-93=511.141
|2 2001
|
| 080 |
|
|
|a 821.511.141-1(0.053.2)=511.141
|2 2001
|
| 100 |
1 |
|
|a Lackfi, János,
|d 1971-
|4 aut
|9 109309
|
| 245 |
1 |
0 |
|a Harag
|b Vad gyümölcsök ; Kiejtés
|c Lackfi János
|
| 650 |
0 |
7 |
|a maďarská poézia
|2 SNKPH
|9 1294
|
| 650 |
0 |
7 |
|a naratívne básne
|2 snkbucl
|9 56217
|
| 650 |
0 |
7 |
|a poézia pre deti
|2 SNKPH
|9 31212
|
| 740 |
0 |
2 |
|a Vad gyümölcsök
|
| 740 |
0 |
2 |
|a Kiejtés
|
| 773 |
0 |
|
|t Irodalmi szemle
|g Évf. LIV, sz. 10 (2011), o. 50
|x 1336-5088
|
| 852 |
|
|
|a SNK
|b KIS3GCP
|
| 852 |
|
|
|a DSZK
|b KIS3GCP
|
| 958 |
|
|
|a HU
|
| 958 |
|
|
|a LX
|
| 958 |
|
|
|a DB
|
| 999 |
|
|
|c 1815892
|d 1817822
|